Networks from the user's point of view : proceedings of the IFIP TC-6 working conference, COMNET '81, Budapest, Hungary, 11-15 May, 1981 /

保存先:
書誌詳細
共著者: COMNET '81 (Budapest, Hungary), International Federation for Information Processing. Technical Committee 6.
その他の著者: Csaba, Laszlo, 1935-, Szentivanyi, T., Tarnay, Katie, 1933-
フォーマット: 会議録 図書
言語:English
出版事項: Amsterdam ; New York : New York, N.Y. : North-Holland Pub. Co. ; Sole distributors for the U.S.A. and Canada, Elsevier North-Holland, c1981.
主題:
LEADER 01384nam a2200301 a 4500
001 c000150248
003 CARM
005 00000000000000.0
008 810826s1981 ne a b 10000 eng
010 |a 81014083 //r93 
019 1 |a 2083582  |5 LACONCORD2021 
020 |a 0444862919 
035 |a (OCoLC)7774028  |5 LACONCORD2021 
050 0 0 |a TK5105  |b .C64 1981 
082 0 0 |a 001.64/404  |2 19 
111 2 |a COMNET '81  |c (Budapest, Hungary) 
245 1 0 |a Networks from the user's point of view :  |b proceedings of the IFIP TC-6 working conference, COMNET '81, Budapest, Hungary, 11-15 May, 1981 /  |c edited by Laszlo Csaba, Tibor Szentivanyi, Katie Tarnay. 
260 |a Amsterdam ;  |a New York :  |b North-Holland Pub. Co. ;  |a New York, N.Y. :  |b Sole distributors for the U.S.A. and Canada, Elsevier North-Holland,  |c c1981. 
300 |a xvi, 664 p. :  |b ill. ;  |c 23 cm. 
504 |a Includes bibliographical references. 
650 0 |a Computer networks  |x Congresses. 
700 1 |a Csaba, Laszlo,  |d 1935- 
700 1 |a Szentivanyi, T. 
700 1 |a Tarnay, Katie,  |d 1933- 
710 2 0 |a International Federation for Information Processing.  |b Technical Committee 6. 
852 8 |b CARM  |h A2:AK03F0  |i C04958  |p 0189762  |f BK 
999 f f |i f65f1f75-1c94-5be6-b418-b316df04589c  |s 6550b196-8e14-52a9-8110-96f32e011134 
952 f f |p Can circulate  |a CAVAL  |b CAVAL  |c CAVAL  |d CARM 1 Store  |e C04958  |f A2:AK03F0  |h Other scheme  |i book  |m 0189762